00814 a2200217 4500022001200000050002300012100002400035110003400059245021100093264004600304300001100350500001900361650003500380650003000415651001700445700002400462700002700486700002500513700002400538710003400562 Ino issn00aKTL19.A35 SOU 1970 aBarnett, M.eeditor aSupreme Court of South Africa04aSouth African law reports 1970(2) April: bDecisions of the Supreme Court of South Africa, South-West Africa division, High court of Rhodesia ,Supreme court of Transkei/c M. Barnett, Buchanan, J.L ...et al aSouth Africa:bJuta and Company LTDc1970 a340p.: aIncludes index 0aAppellate division decisions  7aDigest of cases on appeal 7aSouth Africa1 aBarnett, M.eeditor1 aBuchanan, J.L.eeditor1 aFisher, D.S.eeditor1 aMerwe, P.J eeditor1 aSupreme Court of South Africa